British Comedians: Picture Quiz no.10 - Statistics

General Stats
  • This quiz has been taken 85 times
  • The average score is 7 of 20
Answer Stats
Picture Hint Answer % Correct
Name the act Chuckle Brothers
83%
Rod Hull
70%
John Richardson
64%
Kenny Everett
63%
Michael Barrymore
53%
The lady on the right... Nina Conti
39%
Bernie Winters
33%
Max Boyce
30%
Not the "ostrich"... Bernie Clifton
29%
John Bird
29%
Jonathan Miller
29%
Faith Brown
28%
Name of ventriloquist please Roger de Courcey
28%
Name of ventriloquist please! Ray Alan
25%
Name this double act Flanagan and Allen
24%
Ted Ray
18%
Name this double act Flanders and Swann
13%
Phil Cornwell
13%
Became a regular presenter on Radio 2 Charlie Chester
8%
David Copperfield
4%
No matching quizzes found
Score Distribution
Percent of People with Each Score
Percentile by Number Answered
Your Score History
You have not taken this quiz